000 00459nam a22001817a 4500
003 OSt
005 20150910132057.0
008 150910b xxu||||| |||| 00| 0 eng d
020 _a9781269911948
040 _aSEKU
050 _aQA 445
_b.A4
110 _aAlamance Community College
245 _aCareer mathematics with geometry supplement
260 _aNew Jersey
_bPearson
_c2013
300 _a592 p. :
_bill.
650 _aMathematics
942 _2lcc
_cGEN
999 _c8790
_d8790